Science Quiz

Random Science Quiz

Crocodilian-Scientific Name Match-Up Quiz Stats

 Plays Quiz not verified by Sporcle

Challenge
Share
Tweet
Score 0/24 Timer 10:00
0 Plays Today
% Correct
American Alligator
90%
Yacare Caiman
83.3%
Nile Crocodile
83.3%
Siamese Crocodile
83.3%
Gharial
80%
Chinese Alligator
80%
Morelet's Crocodile
80%
New Guinea Crocodile
73.3%
False Gharial
63.3%
Freshwater Crocodile
63.3%
Spectacled Caiman
60%
American Crocodile
56.7%
% Correct
Desert Crocodile
53.3%
Saltwater Crocodile
53.3%
Black Caiman
50%
Cuban Crocodile
50%
Orinoco Crocodile
46.7%
Philippine Crocodile
43.3%
Slender-Snouted Crocodile
43.3%
Mugger Crocodile
40%
Broad-Snouted Caiman
36.7%
Cuvier's Dwarf Caiman
33.3%
Smooth-Fronted Caiman
30%
Dwarf Crocodile
30%

You're not logged in!

Compare scores with friends on all Sporcle quizzes.
OR
Log In

You Might Also Like...

Show Comments

Extras

Top Quizzes Today


Score Distribution

Your Account Isn't Verified!

In order to create a playlist on Sporcle, you need to verify the email address you used during registration. Go to your Sporcle Settings to finish the process.

Report this User

Report this user for behavior that violates our Community Guidelines.

Details: